Laddar...

Ground water

Bibliografiska uppgifter
Huvudupphovsman: Raghunath, H M
Materialtyp: Printed Book
Språk:Undetermined
English
Publicerad: New Delhi Wiley Eastern Limited 1982
Ämnen:
LEADER 00501nam a2200157Ia 4500
008 140306s9999 xx 000 0 und d
041 |a eng 
082 |a 551  |b RAG/GR 
100 |a Raghunath, H M 
245 |a Ground water 
260 |a New Delhi  |b Wiley Eastern Limited  |c 1982 
300 |a 447 
650 |a General Hydrology 
942 |2 ddc  |c BK 
999 |c 114142  |d 114142 
952 |0 0  |1 0  |2 ddc  |4 0  |6 551_000000000000000_RAGGR  |7 0  |9 112102  |a KAUHCV  |b KAUHCV  |d 2004-04-20  |o 551 RAG/GR  |p KAU_HCV-20902  |r 2014-03-22  |w 2014-03-22  |y BK